Beit Mikra: Journal for the Study of the Bible and Its World / בית מקרא: כתב-עת לחקר המקרא ועולמו

محفوظ في:

التنسيق: دورية

اللغة: Undetermined

منشور في: JSTOR
Bialik Institute, Jerusalem / מוסד ביאליק, ירושלים

الموضوعات:

الوصول للمادة أونلاين: Login to view Source

الوسوم: إضافة وسم

لا توجد وسوم, كن أول من يضع وسما على هذه التسجيلة!

رقم الطلب:

LEADER 00789nas a2200181Ia 4500
008 220214c99999999xx |||||||||||| ||und||
022 |a 0005-979X 
245 0 0 |a Beit Mikra: Journal for the Study of the Bible and Its World / בית מקרא: כתב-עת לחקר המקרא ועולמו 
264 1 |b JSTOR 
264 1 |b Bialik Institute, Jerusalem / מוסד ביאליק, ירושלים 
362 0 |a Vol. א(1956)-סג (2018) 
653 1 0 |a Humanities 
653 1 0 |a Jewish Studies 
653 1 0 |a Religion 
856 4 0 |u https://www.jstor.org/journal/beitmikra 
942 |c JL 
952 |0 0  |1 0  |4 0  |7 1  |9 34137  |a JSR  |b JSR  |d 2022-02-14  |l 0  |r 2022-02-14 00:00:00  |w 2022-02-14  |y JL 
999 |c 42470  |d 42470